00704nam a2200253 a 4500001001300000003000900013005001700022008004100039020002300080082001600103100002000119245003200139260003200171300000900203500003500212505001000247650001400257650001000271700002000281902000800301942000700309952011700316999001700433nice12345678IN_TiNIC20260116014825.0050524s2004 lona grp 000 0 eng  a1850436 c99500a956.67bMCD aMcdowall, David aModern History of the Kurds aLondon bTauris Pub. c2004 a515p aincludes index and biblioraphy2 aIndex aKurdistan aKurds1 aMcdowall, David bSRS cBK 001040708StackRoom-aHMIbHMId2007-05-30g995.00l0o956.67 MCDp020847r2007-05-30v995.00w2005-05-24yBK c17149d17149